[Event "NB I. Maroczy csoport"]
[Site "Miskolc"]
[Date "2023.10.29"]
[Round "3.11"]
[White "Novaky, Csaba"]
[Black "Peredi, Oliver"]
[Result "0-1"]
[WhiteElo "2091"]
[BlackElo "2003"]
[PlyCount "116"]
[EventDate "2023.10.08"]
[EventType "team-tourn"]
[EventRounds "11"]
[EventCountry "HUN"]
[Source "chess.hu"]
[WhiteTeam "Dr.  Hetenyi Geza SK"]
[BlackTeam "DVTK I."]
[WhiteTeamCountry "HUN"]
[BlackTeamCountry "HUN"]

1. e4 c6 2. d4 d5 3. e5 c5 4. c3 Nc6 5. Nf3 Bg4 6. Bb5 e6 7. Qa4 Qc7 8. Nbd2 a6
9. O-O Rb8 10. Bd3 c4 11. Bb1 Nge7 12. h3 Bf5 13. Nh4 Bxb1 14. Rxb1 Ng6 15.
Nxg6 hxg6 16. f4 b5 17. Qc2 b4 18. Nf3 Qa5 19. Bd2 b3 20. axb3 Rxb3 21. Ng5 Qc7
22. g4 Be7 23. f5 Bxg5 24. Bxg5 gxf5 25. gxf5 Nxd4 26. cxd4 Rg3+ 27. Kf2 Rxg5
28. fxe6 fxe6 29. Qa4+ Qd7 30. Qxa6 Rxh3 31. Qa8+ Kf7 32. Ra1 Kg6 33. Ra7 Rh8
34. Rxd7 Rxa8 35. Ke3 Rg3+ 36. Kf4 Rf8+ 37. Kxg3 Rxf1 38. Re7 Rd1 39. Rxe6+ Kf5
40. Re7 Rxd4 41. Rxg7 Rd3+ 42. Kf2 Rd2+ 43. Ke3 Rxb2 44. Re7 Rb3+ 45. Kd2 Rb6
46. Kc3 Re6 47. Rh7 Kxe5 48. Rh5+ Kd6 49. Rh8 Re3+ 50. Kc2 Re7 51. Kc3 Re3+ 52.
Kd2 Rg3 53. Rh7 d4 54. Rh8 Rg2+ 55. Kd1 d3 56. Rc8 Kd5 57. Rc7 Kd4 58. Ra7 Rg1+
0-1

[Event "NB I. Maroczy csoport"]
[Site "Miskolc"]
[Date "2023.10.29"]
[Round "3.12"]
[White "Ress, Amira"]
[Black "Gelle, Istvan"]
[Result "0-1"]
[WhiteElo "1493"]
[BlackElo "2150"]
[PlyCount "50"]
[EventDate "2023.10.08"]
[EventType "team-tourn"]
[EventRounds "11"]
[EventCountry "HUN"]
[Source "chess.hu"]
[WhiteTeam "DVTK I."]
[BlackTeam "Dr.  Hetenyi Geza SK"]
[WhiteTeamCountry "HUN"]
[BlackTeamCountry "HUN"]

1. d4 d5 2. c4 c6 3. Nc3 Nf6 4. Bf4 dxc4 5. e3 b5 6. a4 Qb6 7. axb5 cxb5 8. b3
e6 9. bxc4 Bb4 10. Qb3 bxc4 11. Bxc4 Ne4 12. Nge2 O-O 13. Rb1 Nc6 14. f3 Nxc3
15. Nxc3 Na5 16. Qa2 Nxc4 17. Qxc4 Ba6 18. Qb3 Rfc8 19. Kf2 Bc4 20. Qb2 a5 21.
Na2 Qb7 22. e4 h6 23. Bd2 Qd7 24. Ke3 Rd8 25. Rhc1 Qb5 0-1

[Event "NB I. Maroczy csoport"]
[Site "Kecskemet"]
[Date "2023.11.26"]
[Round "4.1"]
[White "Hajnal, Zoltan"]
[Black "Groszpeter, Attila"]
[Result "1/2-1/2"]
[WhiteElo "2381"]
[BlackElo "2428"]
[PlyCount "21"]
[EventDate "2023.10.08"]
[EventType "team-tourn"]
[EventRounds "11"]
[EventCountry "HUN"]
[Source "chess.hu"]
[WhiteTeam "DVTK I."]
[BlackTeam "Neumann J. Egyetem"]
[WhiteTeamCountry "HUN"]
[BlackTeamCountry "HUN"]

1. e4 e5 2. Nf3 Nc6 3. Bb5 a6 4. Ba4 Nf6 5. O-O Be7 6. Re1 b5 7. Bb3 d6 8. c3
O-O 9. h3 Re8 10. Ng5 Rf8 11. Nf3 1/2-1/2

[Event "NB I. Maroczy csoport"]
[Site "Kecskemet"]
[Date "2023.11.26"]
[Round "4.2"]
[White "Balazs, Gabor"]
[Black "Fule, Simon"]
[Result "1-0"]
[WhiteElo "2371"]
[BlackElo "2245"]
[PlyCount "121"]
[EventDate "2023.10.08"]
[EventType "team-tourn"]
[EventRounds "11"]
[EventCountry "HUN"]
[Source "chess.hu"]
[WhiteTeam "Neumann J. Egyetem"]
[BlackTeam "DVTK I."]
[WhiteTeamCountry "HUN"]
[BlackTeamCountry "HUN"]

1. d4 Nf6 2. Nf3 g6 3. g3 Bg7 4. Bg2 O-O 5. c4 d6 6. O-O Nc6 7. Nc3 e5 8. dxe5
dxe5 9. Bg5 Be6 10. Qa4 Qb8 11. Nd2 Nd7 12. Bxc6 bxc6 13. Qxc6 Qxb2 14. Nd5 e4
15. Nxe4 Qxe2 16. Rae1 Qxa2 17. Be7 Rfe8 18. Ng5 Nf8 19. Bxf8 Rxf8 20. Rxe6
fxe6 21. Ne7+ Kh8 22. Qxa8 Bh6 23. Nf7+ Kg7 24. Nd8 Kh8 25. Nec6 Bg5 26. Qc8
Bxd8 27. Nxd8 Qd2 28. Qxc7 Rxd8 29. Qxa7 Qe2 30. Qe7 Qd3 31. Qf6+ Kg8 32. Qxe6+
Kg7 33. c5 Rf8 34. Ra1 Qd4 35. Ra7+ Kh8 36. Qe3 Qxe3 37. fxe3 Rc8 38. Ra5 Kg7
39. Kf2 Kf6 40. e4 Ke5 41. Ke3 Rc6 42. h4 h6 43. Rb5 Ra6 44. c6+ Kd6 45. Rd5+
Kxc6 46. Rd3 Ra1 47. Kf4 Ra5 48. Rd4 g5+ 49. hxg5 hxg5+ 50. Kg4 Ra3 51. Kxg5
Rxg3+ 52. Kf5 Rg8 53. e5 Rg1 54. Kf6 Re1 55. e6 Rf1+ 56. Kg7 Rg1+ 57. Kf7 Rf1+
58. Ke8 Kc7 59. e7 Re1 60. Rd2 Rf1 61. Rc2+ 1-0

[Event "NB I. Maroczy csoport"]
[Site "Kecskemet"]
[Date "2023.11.26"]
[Round "4.3"]
[White "Fusthy, Zsolt"]
[Black "Marosi, Levente"]
[Result "1/2-1/2"]
[WhiteElo "2220"]
[BlackElo "2291"]
[PlyCount "188"]
[EventDate "2023.10.08"]
[EventType "team-tourn"]
[EventRounds "11"]
[EventCountry "HUN"]
[Source "chess.hu"]
[WhiteTeam "DVTK I."]
[BlackTeam "Neumann J. Egyetem"]
[WhiteTeamCountry "HUN"]
[BlackTeamCountry "HUN"]

1. c4 g6 2. Nc3 Bg7 3. d4 d6 4. e4 Nf6 5. Be2 O-O 6. Bg5 h6 7. Bf4 c5 8. d5 e6
9. dxe6 Bxe6 10. Bxd6 Re8 11. Nf3 Nc6 12. O-O Qa5 13. Qb3 Nd4 14. Nxd4 cxd4 15.
Nb5 Nxe4 16. Bc7 b6 17. Rfd1 Rac8 18. Bf4 g5 19. Bg3 Nc5 20. Qf3 d3 21. Bf1
Red8 22. Nd6 Bxb2 23. Nxc8 Bxc8 24. Rab1 Qxa2 25. h4 Bg7 26. hxg5 hxg5 27. Qe3
Qxc4 28. Qxg5 Qd4 29. Rb4 Qd5 30. Qe7 Be6 31. Qxa7 Qh5 32. Qxb6 Rc8 33. Rbb1
Bg4 34. Rxd3 Nxd3 35. Bxd3 Qd5 36. Qe3 Rd8 37. Be2 Qf5 38. Rb5 Qe6 39. Qxe6
Bxe6 40. Ra5 Rd2 41. Bf3 Bf6 42. Be5 Bxe5 43. Rxe5 Kg7 44. g3 Kf6 45. Ra5 Rd3
46. Be4 Rd4 47. Bf3 Rd3 48. Kg2 Rd2 49. Ra8 Ra2 50. Rxa2 Bxa2 51. g4 Kg7 52.
Kg3 f6 53. Be4 Bb3 54. Kf4 Bd1 55. Bf3 Bb3 56. Ke3 Kf7 57. Kd4 Ke7 58. Be4 Be6
59. f3 Kd6 60. Bf5 Bd5 61. Be4 Be6 62. Bb7 Bb3 63. Ke4 Bc2+ 64. Kf4 Ke6 65.
Bc8+ Ke7 66. Bf5 Bb3 67. Bh7 Bd5 68. Be4 Be6 69. Bb7 Bg8 70. Ke4 Be6 71. Bd5
Bd7 72. Kf4 Kd6 73. Be4 Ke7 74. Kg3 Bb5 75. Kh4 Kf7 76. Bd5+ Kf8 77. Kh5 Kg7
78. Be4 Be8+ 79. Kh4 Bb5 80. Bd5 Kf8 81. Kg3 Ke7 82. f4 Bd7 83. Be4 Be6 84. Kf3
Bd7 85. Bg6 Be6 86. Bh7 Bd7 87. Be4 Be6 88. Bb7 Bd7 89. Bd5 Kd6 90. Bb3 Ke7 91.
Bd1 Bc6+ 92. Ke3 Kd6 93. Kd4 Bd5 94. Be2 Bc6 1/2-1/2

[Event "NB I. Maroczy csoport"]
[Site "Kecskemet"]
[Date "2023.11.26"]
[Round "4.4"]
[White "Soos, Arpad"]
[Black "Gathi, Donat"]
[Result "1-0"]
[WhiteElo "2343"]
[BlackElo "2182"]
[PlyCount "45"]
[EventDate "2023.10.08"]
[EventType "team-tourn"]
[EventRounds "11"]
[EventCountry "HUN"]
[Source "chess.hu"]
[WhiteTeam "Neumann J. Egyetem"]
[BlackTeam "DVTK I."]
[WhiteTeamCountry "HUN"]
[BlackTeamCountry "HUN"]

1. e4 e5 2. Nf3 Nc6 3. Bc4 Bc5 4. c3 Nf6 5. d3 O-O 6. O-O d6 7. h3 a5 8. Bb3
Ne7 9. Re1 Ng6 10. Nbd2 Ba7 11. Nf1 Be6 12. Bc2 Nh5 13. d4 Nhf4 14. Ng3 Nh4 15.
Bxf4 exf4 16. Nxh4 Qxh4 17. Nf5 Bxf5 18. exf5 Rae8 19. Qf3 c6 20. Re2 Rxe2 21.
Qxe2 d5 22. Re1 Rd8 23. Qe8+ 1-0

[Event "NB I. Maroczy csoport"]
[Site "Kecskemet"]
[Date "2023.11.26"]
[Round "4.5"]
[White "Zambo, Zoltan Istvan"]
[Black "Siklosi, Zoltan"]
[Result "1-0"]
[WhiteElo "2286"]
[BlackElo "2283"]
[PlyCount "53"]
[EventDate "2023.10.08"]
[EventType "team-tourn"]
[EventRounds "11"]
[EventCountry "HUN"]
[Source "chess.hu"]
[WhiteTeam "DVTK I."]
[BlackTeam "Neumann J. Egyetem"]
[WhiteTeamCountry "HUN"]
[BlackTeamCountry "HUN"]

1. d4 Nf6 2. c4 e6 3. g3 d5 4. Bg2 Bb4+ 5. Nd2 O-O 6. Ngf3 c5 7. dxc5 Bxc5 8.
O-O Nc6 9. cxd5 Nxd5 10. Nc4 b5 11. Nce5 Nxe5 12. Nxe5 Bb7 13. Qb3 a6 14. a4 b4
15. e4 Nf6 16. Bg5 Be7 17. Rfd1 Qa5 18. Bxf6 Bxf6 19. Nc4 Qc7 20. Nd6 Be5 21.
Rac1 Qe7 22. Qxb4 Rfd8 23. Qxb7 Bxd6 24. e5 Rab8 25. Rxd6 Rxb7 26. Rxd8+ Qxd8
27. Bxb7 1-0

[Event "NB I. Maroczy csoport"]
[Site "Kecskemet"]
[Date "2023.11.26"]
[Round "4.6"]
[White "Varasdy, Imre"]
[Black "Horvath, Kristof"]
[Result "1/2-1/2"]
[WhiteElo "2214"]
[BlackElo "2116"]
[PlyCount "94"]
[EventDate "2023.10.08"]
[EventType "team-tourn"]
[EventRounds "11"]
[EventCountry "HUN"]
[Source "chess.hu"]
[WhiteTeam "Neumann J. Egyetem"]
[BlackTeam "DVTK I."]
[WhiteTeamCountry "HUN"]
[BlackTeamCountry "HUN"]

1. d4 Nf6 2. c4 e6 3. Nf3 b6 4. g3 Ba6 5. b3 b5 6. Nbd2 c5 7. Bg2 Nc6 8. Ne5
Rc8 9. Nxc6 dxc6 10. dxc5 Bxc5 11. O-O h5 12. Bb2 Bb4 13. Ne4 Nxe4 14. Bxe4
Qxd1 15. Rfxd1 bxc4 16. Bxg7 Rg8 17. Bf6 Be7 18. Bxe7 Kxe7 19. Rdc1 cxb3 20.
axb3 Bxe2 21. Rxa7+ Kf6 22. f3 Rgd8 23. Rxc6 Rxc6 24. Bxc6 Rd3 25. Kf2 Bd1 26.
b4 Rb3 27. b5 Rb2+ 28. Ke1 Be2 29. Be8 Ke5 30. Rxf7 Kd4 31. Re7 Bxf3 32. Rxe6
Bg2 33. Re7 Rb1+ 34. Kd2 Bf1 35. Bxh5 Rxb5 36. Be2 Rb2+ 37. Ke1 Bg2 38. Kf2 Be4
39. Rd7+ Ke5 40. Ke3 Bf5 41. Rd8 Rb6 42. Re8+ Kf6 43. h4 Kf7 44. Re5 Be6 45. h5
Rb8 46. g4 Bxg4 47. Bxg4 Re8 1/2-1/2

[Event "NB I. Maroczy csoport"]
[Site "Kecskemet"]
[Date "2023.11.26"]
[Round "4.7"]
[White "Dobai, Szabolcs"]
[Black "Czegledi, Zsolt"]
[Result "1/2-1/2"]
[WhiteElo "2105"]
[BlackElo "2157"]
[PlyCount "257"]
[EventDate "2023.10.08"]
[EventType "team-tourn"]
[EventRounds "11"]
[EventCountry "HUN"]
[Source "chess.hu"]
[WhiteTeam "DVTK I."]
[BlackTeam "Neumann J. Egyetem"]
[WhiteTeamCountry "HUN"]
[BlackTeamCountry "HUN"]

1. d4 d5 2. c4 e6 3. Nc3 Nf6 4. cxd5 exd5 5. Bg5 c6 6. e3 Be7 7. Bd3 Bg4 8. Qc2
Bh5 9. h3 Bg6 10. Bxg6 hxg6 11. Nf3 Nbd7 12. Rb1 O-O 13. O-O Re8 14. b4 a6 15.
a4 Rc8 16. Rfc1 Nf8 17. Qb3 Ne6 18. Bxf6 gxf6 19. b5 axb5 20. axb5 Qd6 21. Ra1
Ra8 22. Ra4 Rxa4 23. Nxa4 Qa3 24. Rb1 Qxb3 25. Rxb3 Ra8 26. Nc3 Ra1+ 27. Kh2
Ra3 28. Nd2 Rxb3 29. Nxb3 Bb4 30. bxc6 bxc6 31. Na4 Kf8 32. h4 f5 33. f3 Be1
34. h5 gxh5 35. Nb2 f4 36. e4 Bc3 37. exd5 cxd5 38. Na4 Bb4 39. Kg1 Ke7 40. Kf2
Kd6 41. Ke2 Kc6 42. Kd3 Kb5 43. Nc3+ Kc6 44. Nc1 Bd6 45. N1e2 Nc7 46. Nd1 Kd7
47. Nf2 Ke6 48. Nh3 Kf5 49. Kc3 Ne6 50. Kb3 Bc7 51. Kb4 Bb6 52. Kc3 Ba5+ 53.
Kd3 Bb4 54. Kc2 Be1 55. Kd3 Ba5 56. Kc2 f6 57. Kd3 Bc7 58. Nc3 Bb6 59. Nxd5
Bxd4 60. Ne7+ Ke5 61. Nc6+ Kd5 62. Nxd4 Nxd4 63. Nxf4+ Ke5 64. Nxh5 Ne6 65. Ke3
Kf5 66. Ng3+ Kg6 67. Ne2 Kf7 68. Ke4 Nc7 69. Nf4 Nb5 70. g4 Nd6+ 71. Kd5 Nb5
72. Ne2 Nc7+ 73. Kd6 Nb5+ 74. Kd7 Na3 75. Nd4 Nc4 76. Kc6 Ne5+ 77. Kd5 Kg6 78.
Ke4 Kg5 79. Ne6+ Kg6 80. Kf4 Nd3+ 81. Kg3 Ne5 82. f4 Nc4 83. Nd4 Nd2 84. Kf2
Nc4 85. Ke2 Nb6 86. Nf5 Nd5 87. Kf3 Kf7 88. Ne3 Nc3 89. f5 Kg7 90. Nc4 Na4 91.
Ke4 Nc5+ 92. Kd5 Nd3 93. Ke6 Nf4+ 94. Ke7 Nd5+ 95. Kd6 Nf4 96. Ne3 Kf7 97. Kd7
Nd3 98. Kd6 Nf2 99. Kd5 Nd3 100. Ke4 Nc5+ 101. Kf3 Kg7 102. Kg3 Kf7 103. Kh4
Ne4 104. Kh5 Kg7 105. Nd5 Ng3+ 106. Kh4 Ne4 107. Nf4 Kf7 108. Kh5 Ng5 109. Kh6
Ne4 110. Ng2 Nf2 111. Ne3 Ne4 112. Nc4 Nf2 113. Kh5 Ne4 114. Kh4 Kg7 115. Kh3
Kh6 116. Kg2 Kg7 117. Kf3 Nc5 118. Ke3 Kf7 119. Kd4 Nb3+ 120. Kd5 Nc1 121. Nd6+
Ke7 122. Ne4 Ne2 123. Kc6 Nd4+ 124. Kc7 Nf3 125. Nc3 Kf7 126. Nd5 Ne5 127. Ne3
Ke7 128. Kc8 Ke8 129. Kc7 1/2-1/2

[Event "NB I. Maroczy csoport"]
[Site "Kecskemet"]
[Date "2023.11.26"]
[Round "4.8"]
[White "Lehocz, Jozsef Jr"]
[Black "Herczeg, Marcell"]
[Result "1/2-1/2"]
[WhiteElo "2110"]
[BlackElo "2088"]
[PlyCount "73"]
[EventDate "2023.10.08"]
[EventType "team-tourn"]
[EventRounds "11"]
[EventCountry "HUN"]
[Source "chess.hu"]
[WhiteTeam "Neumann J. Egyetem"]
[BlackTeam "DVTK I."]
[WhiteTeamCountry "HUN"]
[BlackTeamCountry "HUN"]

1. e4 c5 2. c3 Nf6 3. e5 Nd5 4. g3 d6 5. exd6 Qxd6 6. Bg2 Nd7 7. Ne2 e6 8. O-O
Be7 9. d4 N7f6 10. c4 Nb6 11. Bf4 Qd8 12. dxc5 Qxd1 13. Rxd1 Bxc5 14. Nd2 O-O
15. Nc3 a6 16. Nde4 Be7 17. b3 Nbd7 18. Bd6 Bxd6 19. Rxd6 Ra7 20. Rad1 Nxe4 21.
Bxe4 b6 22. Na4 b5 23. Nb6 Nxb6 24. Rxb6 bxc4 25. bxc4 e5 26. c5 Be6 27. a3 Rc7
28. c6 f5 29. Bg2 e4 30. Rxa6 Rb8 31. Bf1 Kf7 32. a4 Bc8 33. Bc4+ Ke7 34. Ra5
Rxc6 35. Rb5 Rxb5 36. Bxb5 Rb6 37. Rc1 1/2-1/2

[Event "NB I. Maroczy csoport"]
[Site "Kecskemet"]
[Date "2023.11.26"]
[Round "4.9"]
[White "Papp, Abel"]
[Black "Brandics, Jozsef"]
[Result "1-0"]
[WhiteElo "2167"]
[BlackElo "2172"]
[PlyCount "105"]
[EventDate "2023.10.08"]
[EventType "team-tourn"]
[EventRounds "11"]
[EventCountry "HUN"]
[Source "chess.hu"]
[WhiteTeam "DVTK I."]
[BlackTeam "Neumann J. Egyetem"]
[WhiteTeamCountry "HUN"]
[BlackTeamCountry "HUN"]

1. e4 Nc6 2. d4 d5 3. Nc3 a6 4. exd5 Nb4 5. a3 Nxd5 6. Nxd5 Qxd5 7. c4 Qd8 8.
Nf3 Bg4 9. Be2 Nf6 10. O-O g6 11. h3 Bc8 12. Be3 c6 13. Ne5 Bg7 14. Qb3 O-O 15.
Rad1 Nd7 16. f4 Qc7 17. Bf3 Nxe5 18. dxe5 b5 19. cxb5 axb5 20. Rc1 Bb7 21. Qxb5
Rfc8 22. Qb4 e6 23. Bb6 Qd7 24. Rfd1 Qe8 25. Bc5 Ra6 26. Qc4 Bf8 27. b4 Raa8
28. Bxf8 Qxf8 29. Rd7 Ba6 30. Qc5 Qxc5+ 31. Rxc5 Bb5 32. Rxb5 cxb5 33. Bxa8
Rxa8 34. Rb7 Rxa3 35. Rxb5 Kg7 36. Kf2 h6 37. Rb7 g5 38. f5 Ra6 39. b5 Ra2+ 40.
Kg1 Re2 41. fxe6 Rxe5 42. exf7 Rf5 43. g4 Re5 44. Kf2 Kf8 45. Kf3 Kg7 46. b6
Rb5 47. Ke4 Kf8 48. Kd4 Rb1 49. Kc5 Rc1+ 50. Kd6 Rb1 51. Ke6 Kg7 52. Rb8 Re1+
53. Kd5 1-0

[Event "NB I. Maroczy csoport"]
[Site "Kecskemet"]
[Date "2023.11.26"]
[Round "4.10"]
[White "Csala, Imre"]
[Black "Kovacs, Tamas"]
[Result "1/2-1/2"]
[WhiteElo "1946"]
[BlackElo "2080"]
[PlyCount "72"]
[EventDate "2023.10.08"]
[EventType "team-tourn"]
[EventRounds "11"]
[EventCountry "HUN"]
[Source "chess.hu"]
[WhiteTeam "Neumann J. Egyetem"]
[BlackTeam "DVTK I."]
[WhiteTeamCountry "HUN"]
[BlackTeamCountry "HUN"]

1. d4 Nf6 2. c4 e6 3. g3 d5 4. Bg2 Be7 5. Nf3 O-O 6. O-O Nbd7 7. cxd5 exd5 8.
Nc3 c6 9. Qc2 Bd6 10. Nh4 Re8 11. Nf5 Bf8 12. Bf4 Nb6 13. Rad1 Ne4 14. f3 Nxc3
15. bxc3 Bxf5 16. Qxf5 Rxe2 17. Bh3 Qe7 18. Qd3 Re8 19. Be5 Rxa2 20. Rde1 Nc4
21. Qb1 Qa3 22. Bf4 Rae2 23. Rxe2 Rxe2 24. Qxb7 Qxc3 25. Qxa7 Ne3 26. Qa1 Rb2
27. Qc1 Qxc1 28. Rxc1 Nc4 29. Bd7 Rb6 30. Kg2 h6 31. Kh3 f6 32. Bc7 Ra6 33. Re1
Kh7 34. Re6 Nd2 35. f4 Nb3 36. Rxc6 Rxc6 1/2-1/2

[Event "NB I. Maroczy csoport"]
[Site "Kecskemet"]
[Date "2023.11.26"]
[Round "4.11"]
[White "Peredi, Oliver"]
[Black "Lehocz, Jozsef"]
[Result "0-1"]
[WhiteElo "2032"]
[BlackElo "1951"]
[PlyCount "98"]
[EventDate "2023.10.08"]
[EventType "team-tourn"]
[EventRounds "11"]
[EventCountry "HUN"]
[Source "chess.hu"]
[WhiteTeam "DVTK I."]
[BlackTeam "Neumann J. Egyetem"]
[WhiteTeamCountry "HUN"]
[BlackTeamCountry "HUN"]

1. e4 c5 2. Nf3 Nc6 3. Bb5 Nd4 4. Nxd4 cxd4 5. c3 a6 6. Bc4 Qc7 7. Qe2 Nf6 8.
O-O b5 9. Bb3 Bb7 10. e5 d3 11. Qxd3 Qxe5 12. a4 e6 13. f4 Bc5+ 14. Kh1 Qh5 15.
Bd1 Qh4 16. Bf3 Ng4 17. Bxg4 Qxg4 18. Rf3 Bxf3 19. Qxf3 Qxf3 20. gxf3 Ke7 21.
d4 Bd6 22. Be3 h6 23. Nd2 f6 24. Ne4 Bc7 25. Nc5 g5 26. Nd3 bxa4 27. Rxa4 Rhb8
28. fxg5 hxg5 29. d5 Bb6 30. Re4 Bxe3 31. Rxe3 a5 32. dxe6 dxe6 33. Re2 Kd6 34.
f4 gxf4 35. Nxf4 Re8 36. Rd2+ Ke5 37. Nd3+ Ke4 38. Nc5+ Ke3 39. Rd3+ Ke2 40.
Rg3 Rg8 41. Rxg8 Rxg8 42. b4 axb4 43. cxb4 f5 44. Nxe6 Kf2 45. h3 Kg3 46. Nd4
Kxh3 47. Ne6 Re8 48. Nf4+ Kg3 49. Nh5+ Kf2 0-1

[Event "NB I. Maroczy csoport"]
[Site "Kecskemet"]
[Date "2023.11.26"]
[Round "4.12"]
[White "Balazs-Szalai, Renata"]
[Black "Ress, Amira"]
[Result "1/2-1/2"]
[WhiteElo "1871"]
[BlackElo "1501"]
[PlyCount "146"]
[EventDate "2023.10.08"]
[EventType "team-tourn"]
[EventRounds "11"]
[EventCountry "HUN"]
[Source "chess.hu"]
[WhiteTeam "Neumann J. Egyetem"]
[BlackTeam "DVTK I."]
[WhiteTeamCountry "HUN"]
[BlackTeamCountry "HUN"]

1. d4 d5 2. c4 c6 3. Nc3 Nf6 4. Nf3 a6 5. cxd5 cxd5 6. Bf4 Nc6 7. e3 Bg4 8. Be2
Bxf3 9. Bxf3 e6 10. O-O Bd6 11. Bxd6 Qxd6 12. Rc1 b5 13. Ne2 O-O 14. Nf4 Rac8
15. Nd3 Nd7 16. Qd2 Rc7 17. Nc5 Nxc5 18. Rxc5 Rfc8 19. b4 Ne7 20. Rfc1 Ng6 21.
Qc3 Rxc5 22. bxc5 Qc6 23. Qd3 Ne7 24. Be2 Rb8 25. Rb1 Nc8 26. a4 Na7 27. Qb3
Qc7 28. axb5 axb5 29. h3 h6 30. Qa3 Qb7 31. Rb4 Rc8 32. Qa5 Rb8 33. Qa3 Rc8 34.
Qd3 Qc6 35. Qa3 Qb7 36. Bd3 g6 37. Qb2 Rb8 38. Qb1 Kg7 39. e4 Kh7 40. e5 Kg7
41. Qa1 Kh7 42. h4 h5 43. Qd1 Kg7 44. Qf3 Qe7 45. g3 Rb7 46. Qe3 Rb8 47. Bc2
Kh7 48. Qc3 Qc7 49. Kg2 Qe7 50. Qd3 Kg7 51. Qe3 Kh7 52. f4 Kg7 53. Qc3 Qc7 54.
Bd3 Qc6 55. Qa3 Qb7 56. Qb2 Kh7 57. Kf3 Kg7 58. Ke3 Kf8 59. Qa3 Kg7 60. Qc3 Qc6
61. Qa1 Qb7 62. Kf2 Kh7 63. Qd1 Kg7 64. Ke3 Qe7 65. Qe2 Qb7 66. Qa2 Kh7 67. Qb1
Kg7 68. Qe1 Qc6 69. Qc3 Kh7 70. Be2 Kg7 71. Qb2 Qb7 72. Qa3 Kh7 73. Qc1 Qc6
1/2-1/2

[Event "NB I. Maroczy csoport"]
[Site "Szeged"]
[Date "2023.11.26"]
[Round "4.1"]
[White "Varga, Peter"]
[Black "Palkovi, Jozsef"]
[Result "1/2-1/2"]
[WhiteElo "2366"]
[BlackElo "2374"]
[PlyCount "24"]
[EventDate "2023.10.08"]
[EventType "team-tourn"]
[EventRounds "11"]
[EventCountry "HUN"]
[Source "chess.hu"]
[WhiteTeam "NYVSC "]
[BlackTeam "Maroczy SE I."]
[WhiteTeamCountry "HUN"]
[BlackTeamCountry "HUN"]

1. d4 Nf6 2. c4 g6 3. Nc3 d5 4. Nf3 Bg7 5. cxd5 Nxd5 6. e4 Nxc3 7. bxc3 c5 8.
Bb5+ Bd7 9. Bxd7+ Nxd7 10. O-O O-O 11. Be3 Qc7 12. Rc1 e6 1/2-1/2

[Event "NB I. Maroczy csoport"]
[Site "Szeged"]
[Date "2023.11.26"]
[Round "4.2"]
[White "Peczely, Sebastian Zsombor"]
[Black "Oros, Robert"]
[Result "0-1"]
[WhiteElo "2330"]
[BlackElo "2241"]
[PlyCount "56"]
[EventDate "2023.10.08"]
[EventType "team-tourn"]
[EventRounds "11"]
[EventCountry "HUN"]
[Source "chess.hu"]
[WhiteTeam "Maroczy SE I."]
[BlackTeam "NYVSC "]
[WhiteTeamCountry "HUN"]
[BlackTeamCountry "HUN"]

1. e4 e6 2. Nf3 d5 3. Bd3 Nf6 4. e5 Nfd7 5. O-O c5 6. Re1 Nc6 7. c3 g5 8. h3 h5
9. g4 hxg4 10. hxg4 c4 11. Bc2 Qc7 12. Ba4 Nc5 13. d4 cxd3 14. Bb5 f5 15. Nxg5
Qg7 16. Kg2 Ne4 17. Bxc6+ bxc6 18. Nxe4 dxe4 19. Bf4 Rh4 20. Bg3 Rxg4 21. Nd2
Rb8 22. Nc4 Ba6 23. Qa4 Bxc4 24. Qxc4 Rxg3+ 25. fxg3 Rxb2+ 26. Kf1 Qxg3 27.
Qxe6+ Kd8 28. Qf6+ Be7 0-1

[Event "NB I. Maroczy csoport"]
[Site "Szeged"]
[Date "2023.11.26"]
[Round "4.3"]
[White "Varga, Marcell"]
[Black "Papp, Bence"]
[Result "0-1"]
[WhiteElo "2248"]
[BlackElo "2285"]
[PlyCount "126"]
[EventDate "2023.10.08"]
[EventType "team-tourn"]
[EventRounds "11"]
[EventCountry "HUN"]
[Source "chess.hu"]
[WhiteTeam "NYVSC "]
[BlackTeam "Maroczy SE I."]
[WhiteTeamCountry "HUN"]
[BlackTeamCountry "HUN"]

1. d4 Nf6 2. c4 g6 3. Nc3 Bg7 4. e4 d6 5. Be2 O-O 6. Be3 e5 7. d5 Na6 8. g4 Nc5
9. f3 h5 10. g5 Ne8 11. h4 a5 12. Nh3 c6 13. Qd2 Bd7 14. O-O-O Qc8 15. Nf2 a4
16. Kb1 b6 17. Nd3 Nxd3 18. Bxd3 c5 19. Rhf1 Qd8 20. f4 exf4 21. Bxf4 a3 22. b3
Qe7 23. Rde1 Be5 24. Ne2 Bg4 25. Ng1 f6 26. Be2 Bxe2 27. Nxe2 Nc7 28. Bxe5 Qxe5
29. Nf4 Kh7 30. Nd3 Qd4 31. gxf6 Rxf6 32. Rxf6 Qxf6 33. e5 dxe5 34. Rxe5 Ne8
35. Qf4 Qxf4 36. Nxf4 Ng7 37. d6 Rd8 38. Rd5 Rd7 39. Kc2 Nf5 40. Kd3 Rxd6 41.
Ke4 Rc6 42. Rd7+ Kh6 43. Kd5 Rf6 44. Ke5 Rc6 45. Nd5 Rc8 46. Nxb6 Re8+ 47. Kd5
Re2 48. Kxc5 Rxa2 49. Kb4 Ra1 50. Ra7 a2 51. Kc3 Rc1+ 52. Kb2 a1=Q+ 53. Rxa1
Rxa1 54. Kxa1 g5 55. hxg5+ Kxg5 56. Nd7 h4 57. Nc5 h3 58. Ne4+ Kf4 59. Nf2 h2
60. b4 Kf3 61. Nh1 Kg2 62. b5 Nd6 63. b6 Nb7 0-1

[Event "NB I. Maroczy csoport"]
[Site "Szeged"]
[Date "2023.11.26"]
[Round "4.4"]
[White "Szajbely, Zsigmond"]
[Black "Racz, Zoltan"]
[Result "1-0"]
[WhiteElo "2230"]
[BlackElo "2246"]
[PlyCount "63"]
[EventDate "2023.10.08"]
[EventType "team-tourn"]
[EventRounds "11"]
[EventCountry "HUN"]
[Source "chess.hu"]
[WhiteTeam "Maroczy SE I."]
[BlackTeam "NYVSC "]
[WhiteTeamCountry "HUN"]
[BlackTeamCountry "HUN"]

1. e4 g6 2. d4 Bg7 3. Nc3 d6 4. f4 e6 5. Nf3 Ne7 6. Bd3 O-O 7. O-O Nbc6 8. e5
dxe5 9. dxe5 Nb4 10. Be4 Nbd5 11. Qe2 b6 12. Rd1 Bb7 13. Nb1 Qc8 14. a3 c5 15.
c4 Nc7 16. Nc3 Rb8 17. Bxb7 Rxb7 18. Ne4 Ne8 19. Bd2 Rd7 20. Bc3 Rxd1+ 21. Rxd1
f5 22. exf6 Nxf6 23. Nd6 Qd7 24. Nb5 Qc6 25. Nxa7 Qe4 26. Re1 Qxe2 27. Rxe2 Nh5
28. Rxe6 Bxc3 29. bxc3 Nf5 30. g3 Nhg7 31. Rxb6 Ra8 32. Nc6 1-0

[Event "NB I. Maroczy csoport"]
[Site "Szeged"]
[Date "2023.11.26"]
[Round "4.5"]
[White "Hibjan, Tamas"]
[Black "Zakarias, David"]
[Result "0-1"]
[WhiteElo "2125"]
[BlackElo "2302"]
[PlyCount "94"]
[EventDate "2023.10.08"]
[EventType "team-tourn"]
[EventRounds "11"]
[EventCountry "HUN"]
[Source "chess.hu"]
[WhiteTeam "NYVSC "]
[BlackTeam "Maroczy SE I."]
[WhiteTeamCountry "HUN"]
[BlackTeamCountry "HUN"]

1. e4 e6 2. d4 d5 3. Nc3 Nf6 4. e5 Nfd7 5. f4 c5 6. Nf3 Nc6 7. Be3 Be7 8. Qd2
O-O 9. a3 b6 10. Bd3 f6 11. Nd1 cxd4 12. Nxd4 Nxd4 13. Bxd4 fxe5 14. fxe5 Nc5
15. Nf2 a5 16. O-O Ba6 17. Bxa6 Nxa6 18. Nd3 Qc7 19. c3 Nc5 20. Qe2 Qc6 21. Nf4
Rf5 22. Rf3 Raf8 23. Raf1 a4 24. Nh5 Rxf3 25. Rxf3 Rxf3 26. gxf3 Qe8 27. Ng3 h5
28. c4 h4 29. Nf1 Qg6+ 30. Kh1 dxc4 31. Qxc4 Nd3 32. Bxb6 Nxb2 33. Qb5 Bxa3 34.
Bd4 Qd3 35. Qe8+ Bf8 36. Qxe6+ Kh8 37. Ne3 Qxd4 38. Qf7 Qxe3 39. Qxf8+ Kh7 40.
Qf5+ Kh6 41. f4 Qc1+ 42. Kg2 Qc6+ 43. Kf2 Qg6 44. Qh3 Qc2+ 45. Kf1 Qc1+ 46. Ke2
Qxf4 47. e6 Qe4+ 0-1